000 00230nam a22000857a 4500
008 160820b xxu||||| |||| 00| 0 eng d
100 _9198
_aKumar K.A
245 _aInquisitive Science-VII
260 _aNew Delhi
_bS.Chand publication
_c2011
999 _c2855
_d2855